| 000 | 00496nam a2200193Ia 4500 | ||
|---|---|---|---|
| 003 | GCL | ||
| 008 | 140319s9999 xx 000 0 ara d | ||
| 040 |
_aGCL / _cGCL |
||
| 082 | 0 | 4 |
_a928.1621 _bر ف |
| 245 | 1 | 0 | _aفى حب نجيب محفوظ |
| 300 | _a318 ص | ||
| 490 | _a | ||
| 650 | 0 | 4 | _aالعصر الحديث |
| 650 | 0 | 4 | _aالادباء |
| 650 | 0 | 4 | _aالعصر الحجرى |
| 650 | 0 | 4 | _aنجيب محفوظ |
| 650 | 0 | 4 | _aالادباء العرب - تراجم |
| 942 |
_2ddc _cBK |
||
| 999 |
_c39311 _d39311 |
||